000 00424 a2200169 4500
001 190316
020 _a85-262-4888-X
040 _cMagnum
100 _aCompany, Mercè
240 1 0 _aAs trigêmeas e branca de neve e os sete anões
_lpor
245 1 0 _aAs trigêmeas e branca de neve e os sete anões
300 _a31
362 0 _a2003
440 1 _aScipione
697 _aLITERATURA INFANTIL ESPANHOLA
942 _cBK
999 _c190316
_d190316